| 000 | 00501nam a2200181Ia 4500 | ||
|---|---|---|---|
| 008 | 240925s9999 xx 000 0 und d | ||
| 020 | _a70241325 | ||
| 082 | _a004.16 GRA | ||
| 100 | _aGrauer ,Robert T.; Sugrue ,Paul K. | ||
| 245 | 0 | _aMicrocomputer Applications | |
| 250 | _aNA | ||
| 260 |
_aToronto: _bMc Graw-Hill _c,1987. |
||
| 300 |
_ax,742p. _bNA _fOriginal |
||
| 500 | _aIncludes Index | ||
| 600 | _aComputer Science | ||
| 650 | _aComputer science, information & general works | ||
| 942 | _cBK | ||
| 999 |
_c3672 _d3672 |
||